000 00825 a2200193 4500
003 NUST
005 20251125124638.0
040 _cNust
082 _a621.382,DOG
100 _aDogar, PC Nadir Hassan (TE-45/TCC-20)
_9131498
245 _aSimulation And Design of Hardware Capable of noise Removal andEcho Cancellation /
_cPC Nadir hassan Doger, NC Khan Jibrran and Capt Rizwan Shah TE-45/TCC-20
260 _aRawalpindi
_bMCS (NUST)
_c2012
300 _aviii,36 p.;
505 _aIntroduction (Page-1), Literature Review (Page-3), Parabolic Microphone (Page-13), Filter Design (Page-17), Reverb Cancellation (Page-20), Application (Page-27), Bibliography (Page-31).
650 _aUG Project
_9131132
651 _aTE-45/TCC-20
_9131499
700 _aSupervised by Col Naveed Sarfaraz Khattak
_9132060
942 _cPR
_2ddc
999 _c190668
_d190668